[Event "Oberliga Baden 2223"]
[Site "Germany"]
[Date "2022.10.23"]
[Round "3.4"]
[White "Stemmler, Tim"]
[Black "Arnold, Lothar"]
[Result "1/2-1/2"]
[WhiteElo "1999"]
[BlackElo "2382"]
[PlyCount "104"]
[EventDate "2022.09.18"]
[EventType "team-tourn"]
[EventRounds "9"]
[EventCountry "GER"]
[SourceTitle "EXT 2024"]
[Source "ChessBase"]
[SourceDate "2023.10.10"]
[SourceVersion "1"]
[SourceVersionDate "2023.10.10"]
[SourceQuality "1"]
[WhiteTeam "Ladenburg"]
[BlackTeam "Karlsruhe"]
[WhiteTeamCountry "GER"]
[BlackTeamCountry "GER"]

1. d4 Nf6 2. c4 d6 3. Nf3 Nbd7 4. Nc3 e5 5. e4 Be7 6. h3 0-0 7. d5 Nc5 8. Qc2 c6 9. Be3 Qc7 10. Bxc5 dxc5 11. dxc6 bxc6 12. Be2 Rd8 13. Nd2 Be6 14. Nb3 Rab8 15. 0-0 Rb4 16. Nd2 Qb8 17. b3 Nd7 18. Nb5 Nb6 19. a3 Rxd2 20. Qxd2 Rxb3 21. Qc2 cxb5 22. Qxb3 Nxc4 23. Qc2 Na5 24. Rfb1 c4 25. Bg4 Bc5 26. Bxe6 fxe6 27. Rd1 Bd4 28. Rab1 Qb6 29. Rf1 h6 30. h4 a6 31. Kh1 Qc5 32. f4 Qxa3 33. Rf3 Qe7 34. g3 exf4 35. Rxf4 Be5 36. Rf3 Nc6 37. Rbf1 Nd4 38. Rf8+ Qxf8 39. Rxf8+ Kxf8 40. Qc3 Kf7 41. h5 Kf6 42. Qa5 Kg5 43. Qd8+ Kxh5 44. Qe8+ Kg5 45. Kg2 Kf6 46. Kh3 c3 47. Kg4 c2 48. Qf8+ Kg6 49. Qe8+ Kh7 50. Kh5 Bd6 51. Qg6+ Kg8 52. Qe8+ Kh7 1/2-1/2

[Event "Oberliga Baden 2223"]
[Site "Germany"]
[Date "2022.10.09"]
[Round "2.4"]
[White "Arnold, Lothar"]
[Black "Podat, Vladimir"]
[Result "1/2-1/2"]
[WhiteElo "2382"]
[BlackElo "2246"]
[PlyCount "34"]
[EventDate "2022.09.18"]
[EventType "team-tourn"]
[EventRounds "9"]
[EventCountry "GER"]
[SourceTitle "EXT 2024"]
[Source "ChessBase"]
[SourceDate "2023.10.10"]
[SourceVersion "1"]
[SourceVersionDate "2023.10.10"]
[SourceQuality "1"]
[WhiteTeam "Karlsruhe"]
[BlackTeam "Untergrombach"]
[WhiteTeamCountry "GER"]
[BlackTeamCountry "GER"]

1. e4 e5 2. Nf3 Nc6 3. Bc4 Bc5 4. b4 Bxb4 5. c3 Ba5 6. d4 d6 7. Qb3 Qd7 8. dxe5 Bb6 9. exd6 Na5 10. Qb4 Nxc4 11. Qxc4 Qxd6 12. 0-0 Be6 13. Qa4+ Qd7 14. Qc2 Nf6 15. c4 Qc6 16. Nbd2 0-0 17. Bb2 Nd7 1/2-1/2

[Event "Verbandsliga Nordbaden 1920"]
[Site "Baden"]
[Date "2020.03.08"]
[Round "7.1"]
[White "Gasthofer, Viktor"]
[Black "Arnold, Lothar"]
[Result "1/2-1/2"]
[WhiteElo "2305"]
[BlackElo "2382"]
[PlyCount "86"]
[EventDate "2019.09.29"]
[EventType "team-tourn"]
[EventRounds "9"]
[EventCountry "GER"]
[SourceTitle "EXT 2021"]
[Source "ChessBase"]
[SourceDate "2020.10.23"]
[SourceVersion "1"]
[SourceVersionDate "2020.10.23"]
[SourceQuality "1"]
[WhiteTeam "Bad Mergentheim II"]
[BlackTeam "Karlsruhe"]
[WhiteTeamCountry "GER"]
[BlackTeamCountry "GER"]

1. Nf3 d5 2. g3 Bg4 3. Bg2 Nd7 4. c4 c6 5. cxd5 cxd5 6. Nc3 e6 7. Qa4 Bxf3 8. Bxf3 Ngf6 9. e4 dxe4 10. Nxe4 Nd5 11. Nc3 N5b6 12. Qb5 a6 13. Qe2 Rb8 14. d4 Bd6 15. 0-0 0-0 16. Ne4 Bc7 17. Bg5 f6 18. Bd2 Re8 19. Nc5 e5 20. Nxd7 Qxd7 21. dxe5 Rxe5 22. Be3 Qf7 23. Rac1 Bd8 24. b3 Nd5 25. Bxd5 Rxd5 26. Rfd1 Rxd1+ 27. Rxd1 Bc7 28. Qd3 g6 29. Qe4 Rd8 30. Rc1 Bd6 31. Kg2 Re8 32. Qd3 Qe6 33. Rc4 Bf8 34. h4 Rc8 35. Rxc8 Qxc8 36. Qd5+ Kg7 37. h5 gxh5 38. Qxh5 Qc6+ 39. Kh2 Qe4 40. Qh3 Kg8 41. Qc8 Kf7 42. Qd7+ Kg6 43. Qd8 Bg7 1/2-1/2

[Event "Verbandsliga Nordbaden 1920"]
[Site "Baden"]
[Date "2020.02.02"]
[Round "5.1"]
[White "Buecker, Stefan"]
[Black "Arnold, Lothar"]
[Result "0-1"]
[WhiteElo "2278"]
[BlackElo "2382"]
[PlyCount "40"]
[EventDate "2019.09.29"]
[EventType "team-tourn"]
[EventRounds "9"]
[EventCountry "GER"]
[SourceTitle "EXT 2021"]
[Source "ChessBase"]
[SourceDate "2020.10.23"]
[SourceVersion "1"]
[SourceVersionDate "2020.10.23"]
[SourceQuality "1"]
[WhiteTeam "Pforzheim"]
[BlackTeam "Karlsruhe"]
[WhiteTeamCountry "GER"]
[BlackTeamCountry "GER"]

1. c4 e5 2. Nc3 Nf6 3. f4 exf4 4. d4 Bb4 5. Bxf4 0-0 6. Bg5 h6 7. Bxf6 Qxf6 8. Nf3 d6 9. e3 Qe7 10. Qd3 Re8 11. Kf2 Bxc3 12. bxc3 Nd7 13. e4 Nf6 14. Nd2 Nxe4+ 15. Nxe4 Bf5 16. h4 Bxe4 17. Qd2 Qf6+ 18. Kg1 Re7 19. Rh3 Rae8 20. Re1 Bxg2 0-1

[Event "Verbandsliga Nordbaden 1920"]
[Site "Baden"]
[Date "2020.01.12"]
[Round "4.1"]
[White "Arnold, Lothar"]
[Black "Cofman, Veaceslav"]
[Result "1-0"]
[WhiteElo "2382"]
[BlackElo "2270"]
[PlyCount "53"]
[EventDate "2019.09.29"]
[EventType "team-tourn"]
[EventRounds "9"]
[EventCountry "GER"]
[SourceTitle "EXT 2021"]
[Source "ChessBase"]
[SourceDate "2020.10.23"]
[SourceVersion "1"]
[SourceVersionDate "2020.10.23"]
[SourceQuality "1"]
[WhiteTeam "Karlsruhe"]
[BlackTeam "Eppingen II"]
[WhiteTeamCountry "GER"]
[BlackTeamCountry "GER"]

1. e4 d5 2. d4 e6 3. Nd2 Nc6 4. Ngf3 Nf6 5. e5 Nd7 6. Bb5 Ncb8 7. 0-0 a6 8. Bd3 c5 9. c4 cxd4 10. cxd5 Nc5 11. Bb1 Qxd5 12. b4 Ncd7 13. Be4 Qb5 14. a4 Qb6 15. Nc4 Qc7 16. Ba3 Be7 17. Rc1 Qd8 18. Qxd4 0-0 19. Rfd1 f5 20. exf6 gxf6 21. Nd6 Bxd6 22. Qxd6 Qe8 23. Rxc8 Qxc8 24. Qxe6+ Rf7 25. Bd5 Qf8 26. b5 Qg7 27. Nh4 1-0

[Event "Verbandsliga Nordbaden 1819"]
[Site "Baden"]
[Date "2019.01.27"]
[Round "5.1"]
[White "Arnold, Lothar"]
[Black "Zuse, Peter"]
[Result "1-0"]
[WhiteElo "2382"]
[BlackElo "2215"]
[PlyCount "47"]
[EventDate "2018.10.14"]
[EventType "team-tourn"]
[EventRounds "9"]
[EventCountry "GER"]
[SourceTitle "EXT 2020"]
[Source "ChessBase"]
[SourceDate "2019.10.17"]
[SourceVersion "1"]
[SourceVersionDate "2019.10.17"]
[SourceQuality "1"]
[WhiteTeam "Karlsruhe"]
[BlackTeam "Walldorf II"]
[WhiteTeamCountry "GER"]
[BlackTeamCountry "GER"]

1. e4 c5 2. Nf3 d6 3. d4 cxd4 4. Nxd4 Nf6 5. Nc3 a6 6. Bg5 e6 7. f4 Be7 8. Qf3 h6 9. Bh4 Qc7 10. 0-0-0 Nbd7 11. Be2 0-0 12. g4 b5 13. g5 hxg5 14. Bxg5 b4 15. Nb1 Bb7 16. Nd2 Rfc8 17. Bd3 a5 18. Rhg1 a4 19. Bh6 Ne8 20. Rxg7+ Nxg7 21. Rg1 Kf8 22. Rxg7 Bf6 23. Nxe6+ fxe6 24. Rxd7+ 1-0

[Event "Verbandsliga Nordbaden 1819"]
[Site "Baden"]
[Date "2018.12.02"]
[Round "3.1"]
[White "Arnold, Lothar"]
[Black "Gasthofer, Viktor"]
[Result "1/2-1/2"]
[WhiteElo "2382"]
[BlackElo "2308"]
[PlyCount "28"]
[EventDate "2018.10.14"]
[EventType "team-tourn"]
[EventRounds "9"]
[EventCountry "GER"]
[SourceTitle "EXT 2020"]
[Source "ChessBase"]
[SourceDate "2019.10.17"]
[SourceVersion "1"]
[SourceVersionDate "2019.10.17"]
[SourceQuality "1"]
[WhiteTeam "Karlsruhe"]
[BlackTeam "Bad Mergentheim II"]
[WhiteTeamCountry "GER"]
[BlackTeamCountry "GER"]

1. e4 e6 2. d4 d5 3. Nd2 dxe4 4. Nxe4 Nd7 5. c4 Ngf6 6. Nc3 Be7 7. Nf3 0-0 8. Be2 b6 9. 0-0 Bb7 10. Bf4 a6 11. Qc2 Bd6 12. Ne5 Qe7 13. Rad1 Rfd8 14. Rfe1 c5 1/2-1/2

[Event "Verbandsliga Nordbaden 1819"]
[Site "Baden"]
[Date "2018.10.14"]
[Round "1.1"]
[White "Jaeschke, Felix"]
[Black "Arnold, Lothar"]
[Result "0-1"]
[WhiteElo "1948"]
[BlackElo "2382"]
[PlyCount "79"]
[EventDate "2018.10.14"]
[EventType "team-tourn"]
[EventRounds "9"]
[EventCountry "GER"]
[SourceTitle "EXT 2020"]
[Source "ChessBase"]
[SourceDate "2019.10.17"]
[SourceVersion "1"]
[SourceVersionDate "2019.10.17"]
[SourceQuality "1"]
[WhiteTeam "Sandhausen"]
[BlackTeam "Karlsruhe"]
[WhiteTeamCountry "GER"]
[BlackTeamCountry "GER"]

1. d4 e6 2. c4 f5 3. Nc3 Nf6 4. Bf4 Bb4 5. Qb3 a5 6. e3 b6 7. Nf3 Bb7 8. Be2 0-0 9. a3 Bxc3+ 10. bxc3 a4 11. Qb2 Bc6 12. 0-0 d6 13. Rad1 Qe7 14. Bg3 Ne4 15. Nd2 Nd7 16. Nxe4 fxe4 17. Qc2 Ra5 18. f3 exf3 19. gxf3 Kh8 20. e4 Nf6 21. Rde1 Nh5 22. f4 Be8 23. e5 Bg6 24. Qb2 Nxg3 25. hxg3 h6 26. Qb4 Qd8 27. exd6 cxd6 28. Bg4 e5 29. dxe5 dxe5 30. fxe5 Re8 31. Kh2 Raxe5 32. Rxe5 Qd2+ 33. Kh3 Rxe5 34. Qxb6 Be4 35. Rf2 Qe1 36. Bf3 Bxf3 37. Rxf3 Rh5+ 38. Kg2 Qh1+ 39. Kf2 Rh2+ 40. Ke3 0-1

[Event "Verbandsliga Nordbaden 1718"]
[Site "Baden"]
[Date "2018.05.06"]
[Round "9.1"]
[White "Arnold, Lothar"]
[Black "Braun, Joachim"]
[Result "1/2-1/2"]
[WhiteElo "2382"]
[BlackElo "2161"]
[PlyCount "88"]
[EventDate "2017.10.08"]
[EventType "team-tourn"]
[EventRounds "9"]
[EventCountry "GER"]
[SourceTitle "EXT 2019"]
[Source "ChessBase"]
[SourceDate "2018.10.10"]
[SourceVersion "1"]
[SourceVersionDate "2018.10.10"]
[SourceQuality "1"]
[WhiteTeam "Karlsruhe"]
[BlackTeam "Birkenfeld"]
[WhiteTeamCountry "GER"]
[BlackTeamCountry "GER"]

1. e4 c5 2. Nf3 e6 3. d4 cxd4 4. Nxd4 Nc6 5. Nb5 d6 6. c4 Nf6 7. N1c3 a6 8. Na3 Be7 9. Be2 0-0 10. 0-0 b6 11. Nc2 Bb7 12. b3 Rc8 13. Bb2 Qc7 14. Rc1 Nb8 15. f3 Nbd7 16. Kh1 Qb8 17. Qd2 Rfd8 18. Rfd1 Nc5 19. b4 Ncd7 20. a3 Ne5 21. Qd4 Ba8 22. Ne3 Ne8 23. Rf1 Ng6 24. Rc2 Bf6 25. Qd2 Bg5 26. g3 b5 27. h4 Bxe3 28. Qxe3 d5 29. exd5 Qxg3 30. Bd3 bxc4 31. Bxg6 hxg6 32. Rg1 Qh3+ 33. Rh2 Qf5 34. Rg5 Qd3 35. Qxd3 cxd3 36. Rd2 exd5 37. Rxd3 d4 38. Ne4 Nc7 39. Nc5 Ne6 40. Nxe6 fxe6 41. Rxd4 Bxf3+ 42. Kg1 Rxd4 43. Bxd4 Rc4 44. Bf2 Rg4+ 1/2-1/2

[Event "Verbandsliga Nordbaden 1617"]
[Site "Baden"]
[Date "2017.03.12"]
[Round "7.2"]
[White "Arnold, Lothar"]
[Black "Gehrig, Matthias"]
[Result "1-0"]
[WhiteElo "2382"]
[BlackElo "2078"]
[PlyCount "41"]
[EventDate "2016.10.09"]
[EventType "team-tourn"]
[EventRounds "9"]
[EventCountry "GER"]
[SourceTitle "EXT 2022"]
[Source "ChessBase"]
[SourceDate "2021.10.06"]
[SourceVersion "1"]
[SourceVersionDate "2021.10.06"]
[SourceQuality "1"]
[WhiteTeam "Karlsruhe"]
[BlackTeam "Buchen II"]
[WhiteTeamCountry "GER"]
[BlackTeamCountry "GER"]

1. e4 d6 2. d4 Nf6 3. Nc3 Nbd7 4. f4 e5 5. Nf3 exd4 6. Qxd4 c5 7. Qd3 a6 8. e5 dxe5 9. fxe5 Ng4 10. Qe4 Nb6 11. h3 Nh6 12. Bxh6 gxh6 13. Rd1 Qe7 14. Rd6 f5 15. Qe2 Qc7 16. a4 Rg8 17. Nd2 Rg6 18. a5 Nd7 19. Nc4 Kd8 20. Nd5 Bxd6 21. exd6 1-0

[Event "Verbandsliga Nordbaden 1617"]
[Site "Baden"]
[Date "2017.01.29"]
[Round "5.3"]
[White "Pfleger, Michael"]
[Black "Arnold, Lothar"]
[Result "0-1"]
[WhiteElo "2194"]
[BlackElo "2382"]
[PlyCount "100"]
[EventDate "2016.10.09"]
[EventType "team-tourn"]
[EventRounds "9"]
[EventCountry "GER"]
[SourceTitle "EXT 2022"]
[Source "ChessBase"]
[SourceDate "2021.10.06"]
[SourceVersion "1"]
[SourceVersionDate "2021.10.06"]
[SourceQuality "1"]
[WhiteTeam "Bad Mergentheim II"]
[BlackTeam "Karlsruhe"]
[WhiteTeamCountry "GER"]
[BlackTeamCountry "GER"]

1. e4 c5 2. Nf3 Nf6 3. e5 Nd5 4. Nc3 Nxc3 5. dxc3 Nc6 6. Bc4 e6 7. 0-0 b6 8. Bg5 Qc7 9. Re1 h6 10. Bh4 Bb7 11. Qe2 g5 12. Bg3 0-0-0 13. Ba6 d5 14. exd6 Bxd6 15. Bxb7+ Kxb7 16. Rad1 Bxg3 17. hxg3 Rxd1 18. Rxd1 Rd8 19. Rd3 Rxd3 20. cxd3 Qd6 21. a3 a5 22. a4 f5 23. Qe3 Qd5 24. d4 g4 25. Nh4 cxd4 26. cxd4 Nxd4 27. Ng6 Qe4 28. Qd2 e5 29. Ne7 f4 30. Kh2 Qh7 31. Nd5 Qd7 32. Qd3 Qxd5 33. Qh7+ Ka6 34. gxf4 exf4 35. Qd3+ Kb7 36. Qh7+ Kc6 37. Qxh6+ Kc5 38. Qf8+ Qd6 39. Qc8+ Kb4 40. Qxg4 Kxa4 41. Qd1+ Kb5 42. Qd3+ Kc5 43. Qc3+ Kd5 44. Qc8 f3+ 45. Kg1 Qg6 46. Qd8+ Kc4 47. g3 Qb1+ 48. Kh2 Qh7+ 49. Qh4 Qxh4+ 50. gxh4 Kd3 0-1

[Event "Verbandsliga Nordbaden 1617"]
[Site "Baden"]
[Date "2016.10.23"]
[Round "2.2"]
[White "Schwalfenberg, Joerg"]
[Black "Arnold, Lothar"]
[Result "1/2-1/2"]
[WhiteElo "2298"]
[BlackElo "2382"]
[PlyCount "35"]
[EventDate "2016.10.09"]
[EventType "team-tourn"]
[EventRounds "9"]
[EventCountry "GER"]
[SourceTitle "EXT 2022"]
[Source "ChessBase"]
[SourceDate "2021.10.06"]
[SourceVersion "1"]
[SourceVersionDate "2021.10.06"]
[SourceQuality "1"]
[WhiteTeam "Heidelberg"]
[BlackTeam "Karlsruhe"]
[WhiteTeamCountry "GER"]
[BlackTeamCountry "GER"]

1. d4 e6 2. Nf3 f5 3. Bg5 Nf6 4. Nbd2 d5 5. e3 Bd6 6. Ne5 0-0 7. f4 Qe8 8. Qf3 Bxe5 9. fxe5 Ne4 10. Nxe4 fxe4 11. Qg3 Qa4 12. 0-0-0 Qxa2 13. Be7 Rf7 14. Ba3 c5 15. Be2 Nc6 16. Rhf1 Rf5 17. dxc5 Bd7 18. Rxf5 1/2-1/2

[Event "Verbandsliga Nordbaden 1617"]
[Site "Baden"]
[Date "2016.10.09"]
[Round "1.2"]
[White "Arnold, Lothar"]
[Black "Spieker, Michael"]
[Result "1-0"]
[WhiteElo "2382"]
[BlackElo "2033"]
[PlyCount "145"]
[EventDate "2016.10.09"]
[EventType "team-tourn"]
[EventRounds "9"]
[EventCountry "GER"]
[SourceTitle "EXT 2022"]
[Source "ChessBase"]
[SourceDate "2021.10.06"]
[SourceVersion "1"]
[SourceVersionDate "2021.10.06"]
[SourceQuality "1"]
[WhiteTeam "Karlsruhe"]
[BlackTeam "Karlsruhe II"]
[WhiteTeamCountry "GER"]
[BlackTeamCountry "GER"]

1. e4 d5 2. exd5 Qxd5 3. Nc3 Qd8 4. d4 Nf6 5. Nf3 Bg4 6. h3 Bxf3 7. Qxf3 c6 8. Be3 e6 9. 0-0-0 Nd5 10. Ne4 Nd7 11. Bg5 N5f6 12. Bd3 Be7 13. Rhe1 Nxe4 14. Bxe7 Qxe7 15. Rxe4 Nf6 16. Re2 0-0-0 17. c3 Qc7 18. g3 Kb8 19. Qe3 h6 20. Bc2 Rd7 21. f4 Re8 22. a3 Rde7 23. Qf2 Qd6 24. Rde1 Qc7 25. Re5 Nd7 26. R5e3 Nf6 27. Bb3 Qd7 28. Qe2 Nd5 29. Re5 Qd6 30. Kb1 a6 31. Qg4 f6 32. R5e2 Ka7 33. Qg6 Qd7 34. h4 Qd6 35. Qh5 Qd7 36. Bc2 Rf8 37. Qg4 f5 38. Qf3 Qd6 39. Re5 Rfe8 40. Qf2 Kb8 41. Qe2 g6 42. h5 gxh5 43. Qxh5 Rg8 44. Qxh6 Rxg3 45. Rxf5 Qd7 46. Rfe5 Rf3 47. f5 exf5 48. Qf8+ Qc8 49. Qxc8+ Kxc8 50. Rxe7 Nxe7 51. Rxe7 Rf1+ 52. Ka2 f4 53. Rf7 Rf2 54. Be4 Kb8 55. a4 Rh2 56. Rxf4 Rh5 57. Rf5 Rh4 58. Re5 Kc7 59. a5 Kd6 60. b4 Rh2+ 61. Kb3 Rf2 62. Kc4 Rf7 63. Rf5 Re7 64. Rf6+ Kc7 65. Bg6 Re3 66. Rf7+ Kb8 67. Bh5 Rh3 68. Bf3 Rg3 69. d5 cxd5+ 70. Bxd5 Rg4+ 71. Kc5 Rg5 72. Rxb7+ Kc8 73. Rb6 1-0

[Event "Alsace-Baden"]
[Site "Strasbourg"]
[Date "2015.09.13"]
[Round "?.4"]
[White "Heinz, Timothee"]
[Black "Arnold, Lothar"]
[Result "1/2-1/2"]
[WhiteElo "2353"]
[BlackElo "2367"]
[PlyCount "39"]
[EventDate "2015.09.13"]
[EventType "team-match"]
[EventRounds "1"]
[EventCountry "FRA"]
[SourceTitle "EXT 2018"]
[Source "ChessBase"]
[SourceDate "2017.10.13"]
[SourceVersion "1"]
[SourceVersionDate "2017.10.13"]
[SourceQuality "1"]
[WhiteTeam "Alsace"]
[BlackTeam "Baden"]
[WhiteTeamCountry "FRA"]
[BlackTeamCountry "GER"]

1. c4 e5 2. g3 Nf6 3. Bg2 c6 4. d4 Bb4+ 5. Bd2 Bxd2+ 6. Qxd2 d6 7. Nc3 0-0 8. e3 Qe7 9. Nge2 Re8 10. h3 Nbd7 11. 0-0 Nf8 12. b4 Be6 13. d5 cxd5 14. Nxd5 Nxd5 15. cxd5 Bd7 16. a4 Rac8 17. Rfc1 Rxc1+ 18. Nxc1 Rc8 19. Nb3 Be8 20. a5 1/2-1/2

[Event "Oberliga Baden 1415"]
[Site "Baden"]
[Date "2015.04.12"]
[Round "9.2"]
[White "Arnold, Lothar"]
[Black "Vonthron, Horst"]
[Result "0-1"]
[WhiteElo "2378"]
[BlackElo "2364"]
[PlyCount "86"]
[EventDate "2014.09.21"]
[EventType "team-tourn"]
[EventRounds "9"]
[EventCountry "GER"]
[SourceTitle "EXT 2016"]
[Source "ChessBase"]
[SourceDate "2015.10.08"]
[SourceVersion "1"]
[SourceVersionDate "2015.10.08"]
[SourceQuality "1"]
[WhiteTeam "Karlsruhe"]
[BlackTeam "Walldorf"]
[WhiteTeamCountry "GER"]
[BlackTeamCountry "GER"]

1. e4 d6 2. d4 c6 3. f4 d5 4. e5 Bf5 5. Nf3 e6 6. c3 h5 7. Be3 Qb6 8. Qb3 Nd7 9. Nbd2 h4 10. Be2 h3 11. g3 Be7 12. Rf1 Nh6 13. Bg1 0-0-0 14. Qxb6 axb6 15. 0-0-0 Kc7 16. Nb3 Ra8 17. a3 b5 18. Nc5 Nb6 19. Ng5 Nc4 20. g4 Nxg4 21. Nxf7 Rhf8 22. Ng5 Bxc5 23. dxc5 Nge3 24. Bxc4 Nxc4 25. Bd4 Na5 26. Kd2 Nb3+ 27. Ke3 Ra4 28. Nf3 Rh8 29. Rg1 g6 30. Nd2 Nxd4 31. cxd4 b4 32. axb4 Rha8 33. b3 Ra2 34. Rc1 R8a3 35. Rc3 Rb2 36. Rf1 Raa2 37. Rf2 Kb8 38. Rc1 Bc2 39. Rg1 Ka7 40. Rg3 Bf5 41. Rg1 Ka6 42. Rg3 Kb5 43. Rg1 Rc2 0-1

[Event "Baden-Alsace"]
[Site "Hockenheim"]
[Date "2014.09.14"]
[Round "1.3"]
[White "Roos, Daniel"]
[Black "Arnold, Lothar"]
[Result "1-0"]
[WhiteElo "2348"]
[BlackElo "2363"]
[PlyCount "153"]
[EventDate "2014.09.14"]
[EventType "team-match"]
[EventRounds "5"]
[EventCountry "GER"]
[SourceTitle "EXT 2015"]
[Source "ChessBase"]
[SourceDate "2014.11.20"]
[SourceVersion "1"]
[SourceVersionDate "2014.11.20"]
[SourceQuality "1"]
[WhiteTeam "Alsace"]
[BlackTeam "Baden"]
[WhiteTeamCountry "FRA"]
[BlackTeamCountry "GER"]

1. c4 e5 2. g3 Nf6 3. Bg2 Nc6 4. Nc3 Be7 5. e3 0-0 6. Nge2 d6 7. 0-0 Be6 8. Nd5 Qd7 9. d4 exd4 10. Nxd4 Bd8 11. Nxc6 bxc6 12. Nxf6+ Bxf6 13. Qa4 d5 14. cxd5 cxd5 15. Qxd7 Bxd7 16. Bxd5 Rab8 17. e4 Bxb2 18. Bxb2 Rxb2 19. Rfc1 Rc8 20. Rc3 c6 21. Bb3 Kf8 22. Rf3 Be8 23. Rc1 Ke7 24. Rc5 Rc7 25. Kg2 Rd2 26. Rcf5 Kf8 27. e5 c5 28. Bxf7 Rxf7 29. Rxf7+ Bxf7 30. e6 Re2 31. Rxf7+ Kg8 32. Rc7 Rxe6 33. Rxc5 Ra6 34. Rc2 Ra3 35. Kh3 Kf7 36. Kg4 Kf6 37. Re2 g6 38. Kf4 h5 39. Ke4 g5 40. h3 h4 41. gxh4 gxh4 42. Rc2 Ra4+ 43. Kf3 Kf5 44. Rc5+ Kg6 45. a3 Rxa3+ 46. Kg4 Ra4+ 47. f4 Ra1 48. Rc6+ Kg7 49. Kxh4 a5 50. Ra6 a4 51. Kg5 a3 52. Ra7+ Kg8 53. Kg6 Rg1+ 54. Kf6 Rg3 55. Ra8+ Kh7 56. h4 Rf3 57. f5 Re3 58. Ra7+ Kh6 59. Kf7 Rf3 60. f6 Re3 61. Ra5 Rf3 62. Ke7 Kh7 63. h5 Re3+ 64. Kf8 Rf3 65. f7 Re3 66. Ra6 Rf3 67. Ra7 Re3 68. Ra8 Kh8 69. Ra4 Kh7 70. Ra6 Rf3 71. h6 Re3 72. Ra4 Kh8 73. h7 Rf3 74. Ke7 Re3+ 75. Kf6 Rf3+ 76. Kg6 Rg3+ 77. Kh5 1-0

[Event "Oberliga Baden 1314"]
[Site "Germany"]
[Date "2013.11.10"]
[Round "2.3"]
[White "Scherer, Max"]
[Black "Arnold, Lothar"]
[Result "1/2-1/2"]
[WhiteElo "2282"]
[BlackElo "2362"]
[PlyCount "172"]
[EventDate "2013.10.13"]
[EventType "team-tourn"]
[EventRounds "9"]
[EventCountry "GER"]
[SourceTitle "EXT 2015"]
[Source "ChessBase"]
[SourceDate "2014.11.20"]
[SourceVersion "1"]
[SourceVersionDate "2014.11.20"]
[SourceQuality "1"]
[WhiteTeam "Dreisamtal"]
[BlackTeam "Karlsruhe"]
[WhiteTeamCountry "GER"]
[BlackTeamCountry "GER"]

1. c4 e6 2. Nf3 f5 3. g3 Nf6 4. Bg2 d5 5. 0-0 Bd6 6. d3 0-0 7. Nc3 c6 8. e4 d4 9. Nxd4 Bxg3 10. hxg3 Qxd4 11. Be3 Qd7 12. e5 Ne8 13. d4 Nc7 14. Qh5 b6 15. Rad1 Bb7 16. Rd2 Nba6 17. Rfd1 Rad8 18. Bg5 Rde8 19. d5 exd5 20. cxd5 Nxd5 21. Nxd5 cxd5 22. Rxd5 Bxd5 23. Bxd5+ Kh8 24. Bc4 Qb7 25. e6 Nc5 26. Qe2 Ne4 27. Rd7 Qc6 28. Bd5 Qc8 29. Bf4 Nf6 30. Rc7 Nxd5 31. Rxc8 Nxf4 32. gxf4 Rxc8 33. Qe5 Rce8 34. Qd6 Rf6 35. Qd7 Rfxe6 36. Qxa7 Rf6 37. a4 h6 38. b4 Kh7 39. b5 Re4 40. a5 bxa5 41. b6 Rb4 42. b7 Rfb6 43. Qxa5 R4b5 44. Qd2 Rxb7 45. Kg2 Rb3 46. Qd5 R7b5 47. Qe6 Rd3 48. Qf7 Rd4 49. Kg3 Rc5 50. Qe6 Rc3+ 51. f3 Rc5 52. Qf7 Rd6 53. Kf2 Rg6 54. Qd7 Rc2+ 55. Ke3 Rf6 56. Qe8 Rfc6 57. Qf7 Rf6 58. Qe8 Rc3+ 59. Kf2 Rc4 60. Ke3 Rcc6 61. Kf2 Rg6 62. Qd7 Rcf6 63. Qd1 Rd6 64. Qc2 Rd5 65. Qc8 h5 66. Qc1 h4 67. Qh1 Rh6 68. Qh3 Kg6 69. Kg1 Kf6 70. Qf1 Rd6 71. Qb5 Re6 72. Kh2 h3 73. Qc4 Rh5 74. Qc8 Re2+ 75. Kh1 Re1+ 76. Kh2 Kg6 77. Qg8 Re2+ 78. Kh1 Re3 79. Kh2 Re2+ 80. Kh1 Re7 81. Kh2 Re1 82. Qf8 Re3 83. Qg8 Rh4 84. Qd8 Re2+ 85. Kg3 Rh6 86. Qf6+ gxf6 1/2-1/2

[Event "Oberliga Baden 1213"]
[Site "Baden"]
[Date "2013.04.14"]
[Round "9.2"]
[White "Arnold, Lothar"]
[Black "Eisenbeiser, Amadeus"]
[Result "1/2-1/2"]
[WhiteElo "2370"]
[BlackElo "2350"]
[PlyCount "51"]
[EventDate "2012.10.14"]
[EventType "team-tourn"]
[EventRounds "9"]
[EventCountry "GER"]
[SourceTitle "EXT 2014"]
[Source "ChessBase"]
[SourceDate "2013.11.20"]
[SourceVersion "1"]
[SourceVersionDate "2013.11.20"]
[SourceQuality "1"]
[WhiteTeam "Karlsruhe"]
[BlackTeam "Buchen"]
[WhiteTeamCountry "GER"]
[BlackTeamCountry "GER"]

1. e4 d6 2. d4 g6 3. f4 Bg7 4. Nf3 a6 5. c3 e6 6. Bd3 Ne7 7. 0-0 0-0 8. Be3 h6 9. Nbd2 b6 10. Qe2 f5 11. exf5 gxf5 12. Rae1 Nd5 13. g3 c5 14. Bf2 Nc6 15. Nb3 Qf6 16. a4 a5 17. Nbd2 Nd8 18. Nc4 Nf7 19. Nh4 Rb8 20. Qc2 Bd7 21. Re2 Rfd8 22. Rfe1 Nc7 23. Rd2 Nd5 24. Rde2 Nc7 25. Rd2 Nd5 26. Rde2 1/2-1/2

[Event "Oberliga Baden 1112"]
[Site "Germany"]
[Date "2011.10.02"]
[Round "1.1"]
[White "Arnold, Lothar"]
[Black "Karim, Ismael"]
[Result "1/2-1/2"]
[WhiteElo "2378"]
[BlackElo "2375"]
[PlyCount "73"]
[EventDate "2011.10.02"]
[EventType "team-tourn"]
[EventRounds "9"]
[EventCountry "GER"]
[SourceTitle "EXT 2013"]
[Source "ChessBase"]
[SourceDate "2012.11.22"]
[SourceVersion "1"]
[SourceVersionDate "2012.11.22"]
[SourceQuality "1"]
[WhiteTeam "Karlsruhe"]
[BlackTeam "Oberwinden"]
[WhiteTeamCountry "GER"]
[BlackTeamCountry "GER"]

1. e4 d6 2. d4 Nf6 3. Nc3 e5 4. Nf3 Nbd7 5. Bc4 Be7 6. 0-0 0-0 7. a4 a6 8. h3 b6 9. Re1 Bb7 10. b3 c6 11. d5 Qc7 12. Ba3 c5 13. Nh2 g6 14. Bc1 Nh5 15. Bh6 Ng7 16. g4 Kh8 17. Kh1 Nf6 18. Rg1 Ng8 19. Bd2 Qd8 20. Qc1 Bc8 21. Rg2 Ra7 22. f3 f5 23. Rb1 a5 24. Nb5 Rd7 25. c3 fxe4 26. fxe4 Bh4 27. Be3 Rdf7 28. Qd2 Nf6 29. Bd3 Nfe8 30. b4 Bd7 31. bxa5 bxa5 32. c4 Bc8 33. Rbg1 Be7 34. Qe1 Bh4 35. Qd2 Be7 36. Qe1 Bh4 37. Qd2 1/2-1/2